01019nam a2200229 a 450000100100000000500170001000800410002702000180006804000250008608200210011110000320013224500740016426000370023830000270027550000470030250400280034959000260037795201250040395201190052895201250064799900170077200004703720201002053315.0180412s2015 dr a 000 0 spa d a9789945123319 aDO-SdBNPbspacBNPHU axxxxbR457c, 2do1 aReyes Báez, Yanett97489010aCiencias de la naturaleza 2 :bnivel primario /cYanett Reyes Báez. aSanto Domingo :bSusaeta,c2015. a170 p. :bil ;c29 cm. aEnfoque por competencias nuevo currículo aBibliografía : p. 170 aInventariado, 2018/LP 0010718DSaGRbGRcHDd2018-04-12iLF1l0oxxxx R457c, 2dop47037-30r2020-06-25te. 3w2020-06-25yLFDSZNo se presta 0010718PDaPDbPDcHDd2018-04-12iLF1l0oxxxx R457c, 2dop47037-10r2020-06-25w2020-06-25yLFPDZNo se presta 0010718PDaPDbPDcHDd2018-04-12iLF1l0oxxxx R457c, 2dop47037-20r2020-06-25te. 2w2020-06-25yLFPDZNo se presta c46525d46525